[Event "XV Open"]
[Site "Crema ITA"]
[Date "2013.08.31"]
[Round "4"]
[White "Distratis, Gianluca"]
[Black "Conti, Ferdinando"]
[WhiteElo "1970"]
[BlackElo "1734"]
[Result "1-0"]
[PlyCount "79"]
[EventDate "2013.08.30"]

1. e4 c5 2. c3 Nf6 3. e5 Nd5 4. d4 cxd4 5. cxd4 d6 6. Nf3 Nc6 7. Bc4 Be6 8. Qb3
dxe5 9. Nxe5 Rb8 10. O-O a6 11. Nxc6 bxc6 12. Qa4 Qc7 13. g3 Nb6 14. Bf4 Nxa4
15. Bxc7 Bxc4 16. Rc1 Nxb2 17. Bxb8 e6 18. Nd2 Bd5 19. Rab1 Nd3 20. Rc3 Nb4 21.
a3 Na2 22. Re3 Be7 23. Nb3 O-O 24. Ba7 a5 25. Nxa5 h6 26. Nb3 Ra8 27. Bc5 Bf6
28. Ra1 Rb8 29. Rxa2 Rxb3 30. Rxb3 Bxb3 31. Rb2 Bd5 32. a4 e5 33. dxe5 Bxe5 34.
Rb6 Bc7 35. a5 Bc4 36. Rb4 Bb5 37. Rxb5 cxb5 38. a6 Bb8 39. a7 Bxa7 40. Bxa7
1-0

[Event "XV Open"]
[Site "Crema ITA"]
[Date "2013.08.31"]
[Round "4"]
[White "Ferrari, Paolo"]
[Black "Marchesotti, Giovanni"]
[WhiteElo "1700"]
[BlackElo "1540"]
[Result "1/2-1/2"]
[PlyCount "91"]
[EventDate "2013.08.30"]

1. d4 Nf6 2. c4 e6 3. Nc3 Bb4 4. Qc2 c5 5. dxc5 Bxc5 6. Nf3 Nc6 7. a3 Nd4 8.
Nxd4 Bxd4 9. Bd2 a6 10. e3 Bc5 11. Be2 b6 12. Bf3 Ra7 13. O-O Bb7 14. Bxb7 Rxb7
15. Rad1 Qc7 16. e4 Ng4 17. g3 Bxf2+ 18. Rxf2 Nxf2 19. Kxf2 Qxc4 20. Be3 O-O
21. Rd6 f5 22. e5 h6 23. Qd2 g5 24. Rd4 Qc7 25. Rd6 Qc4 26. Ne2 Qe4 27. Rxd7
Qh1 28. Rd8 Qxh2+ 29. Ke1 Qh1+ 30. Bg1 Rb8 31. Rxb8 Rxb8 32. Qd6 Re8 33. Qxb6
Qe4 34. Qd4 Qb1+ 35. Kf2 f4 36. gxf4 gxf4 37. Nxf4 Rf8 38. Kg3 Qf5 39. Be3 h5
40. Qd1 Qg5+ 41. Kf2 Rxf4+ 42. Bxf4 Qxf4+ 43. Qf3 Qxe5 44. Qg2+ Qg7 45. Qa8+
Kh7 46. Qe4+ 1/2-1/2

[Event "XV Open"]
[Site "Crema ITA"]
[Date "2013.08.31"]
[Round "4"]
[White "Frignani, Alessandro"]
[Black "Nordio, Giorgio"]
[WhiteElo "1387"]
[BlackElo "1666"]
[Result "0-1"]
[PlyCount "116"]
[EventDate "2013.08.30"]

1. e4 c6 2. d4 d5 3. e5 Bf5 4. Bd3 Bxd3 5. Qxd3 e6 6. Qb3 Qb6 7. Nf3 Nd7 8. Nc3
c5 9. Be3 Rb8 10. Qxb6 axb6 11. Na4 Ra8 12. b3 cxd4 13. Bxd4 Bc5 14. c3 Ne7 15.
g4 Nc6 16. Rd1 O-O 17. Rd2 Nxd4 18. Nxd4 Nxe5 19. Ke2 Rfc8 20. h3 Nd7 21. Nxc5
bxc5 22. Nb5 Ra6 23. c4 d4 24. f4 Nb8 25. a4 Nc6 26. Nd6 Rc7 27. Kf3 e5 28. Re1
Re7 29. Rde2 f6 30. f5 Nb4 31. Ne4 Rc6 32. Rd2 g6 33. Rg1 Kf7 34. g5 fxg5 35.
f6 Re8 36. Rxg5 Na6 37. h4 Nb8 38. Rdg2 Nd7 39. Ke2 Nxf6 40. R5g3 Kg7 41. Kd3
Nxe4 42. Kxe4 Rd6 43. Rf3 Re7 44. Rd2 h6 45. Rdf2 b6 46. Ra2 Rf6 47. Rxf6 Kxf6
48. Rf2+ Ke6 49. Rf8 Rd7 50. Re8+ Kf7 51. Rh8 Kg7 52. Re8 d3 53. Rb8 d2 54.
Rxb6 d1=Q 55. Kxe5 Qe2+ 56. Kf4 Rf7+ 57. Kg3 Rf3+ 58. Kg4 Qe4# 0-1

[Event "XV Open"]
[Site "Crema ITA"]
[Date "2013.08.31"]
[Round "4"]
[White "Frugoni, Giulio"]
[Black "Gorini, Michele"]
[WhiteElo "1599"]
[BlackElo "1394"]
[Result "1-0"]
[PlyCount "58"]
[EventDate "2013.08.30"]

1. Nf3 b6 2. d4 Bb7 3. c4 e6 4. Nc3 Nf6 5. Bg5 Be7 6. e3 Ne4 7. Bxe7 Qxe7 8.
Bd3 Nxc3 9. bxc3 c5 10. O-O O-O 11. d5 exd5 12. cxd5 d6 13. e4 Nd7 14. Re1 Ne5
15. Nxe5 Qxe5 16. Qd2 Rae8 17. f4 Qf6 18. Rac1 a6 19. f5 b5 20. Qf4 Re5 21. Re3
g5 22. Rg3 h6 23. h4 Kh7 24. hxg5 hxg5 25. Rxg5 Qh6 26. Be2 Rxe4 27. Qxe4 Qxg5
28. f6+ Qg6 29. Qh4+ Qh6 1-0

[Event "XV Open"]
[Site "Crema ITA"]
[Date "2013.08.31"]
[Round "4"]
[White "Galbiati, Antonio"]
[Black "Madaschi, Sergio"]
[WhiteElo "1410"]
[BlackElo "1493"]
[Result "0-1"]
[PlyCount "72"]
[EventDate "2013.08.30"]

1. e4 c5 2. d4 cxd4 3. Qxd4 Nc6 4. Qe3 d6 5. Nc3 Nf6 6. Nf3 e6 7. Bb5 Bd7 8.
Qe2 a6 9. Ba4 Be7 10. O-O h6 11. Rd1 O-O 12. Bf4 e5 13. Be3 Qa5 14. Bb3 Ng4 15.
Nd5 Bd8 16. h3 Nxe3 17. Nxe3 Be7 18. Nc4 Qc7 19. Qd2 Be6 20. Nxd6 Bxb3 21. axb3
Rad8 22. Qc3 Bxd6 23. Ra4 Qe7 24. Qe3 Bc5 25. Qe2 Rxd1+ 26. Qxd1 Rd8 27. Qe2
Nd4 28. Nxd4 Rxd4 29. Rxd4 Bxd4 30. c3 Bb6 31. c4 Bd4 32. Kf1 Qg5 33. f3 Qc1+
34. Qe1 Qxb2 35. g3 Qxb3 36. h4 Qxf3+ 0-1

[Event "XV Open"]
[Site "Crema ITA"]
[Date "2013.08.31"]
[Round "4"]
[White "Galli, Fabrizio"]
[Black "Cervini, Ernesto"]
[WhiteElo "1455"]
[BlackElo "1721"]
[Result "1/2-1/2"]
[PlyCount "71"]
[EventDate "2013.08.30"]

1. d4 d5 2. c4 c6 3. Nc3 Nf6 4. Bg5 h6 5. Bxf6 exf6 6. cxd5 cxd5 7. e3 a6 8.
Bd3 g6 9. Qc2 f5 10. Nge2 Bg7 11. O-O O-O 12. Nf4 Be6 13. Rac1 Nc6 14. a3 Rc8
15. b4 Kh8 16. Qd1 Qd6 17. Na4 Bd7 18. Nb6 Rcd8 19. Nfxd5 Be6 20. Nf4 Nxd4 21.
Nc4 Bxc4 22. Bxc4 Qb8 23. exd4 Qxf4 24. d5 Bb2 25. g3 Qd6 26. Rb1 Bg7 27. Re1
Rc8 28. Ba2 Rc3 29. Rb3 Rc7 30. Rbe3 f4 31. Re4 fxg3 32. hxg3 Rfc8 33. Re8+
Rxe8 34. Rxe8+ Kh7 35. Re3 Bb2 36. Kg2 1/2-1/2

[Event "XV Open"]
[Site "Crema ITA"]
[Date "2013.08.31"]
[Round "4"]
[White "Gobbo, Francesco"]
[Black "Borboni, Paolo"]
[WhiteElo "1967"]
[BlackElo "1729"]
[Result "1-0"]
[PlyCount "68"]
[EventDate "2013.08.30"]

1. d4 d5 2. c4 e6 3. cxd5 exd5 4. Nc3 Nf6 5. Bg5 Be7 6. e3 c6 7. Bd3 O-O 8. Qc2
Nbd7 9. Nf3 Re8 10. O-O Nf8 11. h3 Ng6 12. Bxf6 Bxf6 13. b4 Bd7 14. Rab1 Qc8
15. Qd1 Bf5 16. b5 Bxd3 17. Qxd3 Re6 18. Rfc1 Qd7 19. a4 Rc8 20. Na2 Be7 21.
Nb4 Bxb4 22. Rxb4 Rf6 23. Qd1 Qf5 24. bxc6 bxc6 25. Qc2 Qd7 26. Qd1 Qf5 27.
Rcb1 Kf8 28. Qc1 Nh4 29. Qc5+ Kg8 30. Rb8 Nxf3+ 31. gxf3 Rg6+ 32. Kh2 Qd7 33.
Rxc8+ Qxc8 34. Qxa7 Rd6 1-0

[Event "XV Open"]
[Site "Crema ITA"]
[Date "2013.08.31"]
[Round "4"]
[White "Gonella, Graziano"]
[Black "Fantina, Carla"]
[WhiteElo "1183"]
[BlackElo "1425"]
[Result "0-1"]
[PlyCount "80"]
[EventDate "2013.08.30"]

1. e4 d6 2. Nc3 Nf6 3. d4 g6 4. Nf3 Bg7 5. Bg5 h6 6. Bxf6 exf6 7. Bc4 O-O 8.
Qd2 c6 9. O-O-O b5 10. Be2 Qa5 11. a3 b4 12. axb4 Qxb4 13. Na2 Qxd2+ 14. Rxd2
h5 15. Kb1 a5 16. Rd3 Ba6 17. Re1 Bxd3 18. Bxd3 Nd7 19. c4 c5 20. d5 Nb6 21.
Nc3 a4 22. Nb5 Rfd8 23. Na3 Kh7 24. Re2 Nd7 25. Nb5 Ne5 26. Nxe5 fxe5 27. Kc2
Bf8 28. Kd1 Ra5 29. Re3 Be7 30. Bc2 Rb8 31. Rf3 Kg7 32. Ra3 Rba8 33. Nc7 R8a7
34. Nb5 Rb7 35. Kc1 f5 36. exf5 gxf5 37. Bxf5 Kf6 38. Rf3 Kg5 39. Bc8 Rb8 40.
Rg3+ Kh6 0-1

[Event "XV Open"]
[Site "Crema ITA"]
[Date "2013.08.31"]
[Round "4"]
[White "Guasconi, Lelio"]
[Black "Molinelli, Luigi"]
[WhiteElo "1595"]
[BlackElo "1236"]
[Result "1-0"]
[PlyCount "83"]
[EventDate "2013.08.30"]

1. d4 b6 2. e4 Bb7 3. Bd3 e6 4. c4 c5 5. d5 exd5 6. exd5 Nf6 7. Nf3 Be7 8. O-O
O-O 9. Nc3 d6 10. Qc2 Nbd7 11. Ng5 g6 12. Re1 Ne5 13. Be2 Qd7 14. h3 Ne8 15.
Nf3 f6 16. h4 Ng7 17. Ne4 Nxf3+ 18. Bxf3 Nf5 19. Bg4 Nd4 20. Bxd7 Nxc2 21. Bh6
Nxe1 22. Be6+ Kh8 23. Bxf8 Rxf8 24. Rxe1 f5 25. Ng5 Kg7 26. Bd7 Bf6 27. Ne6+
Kh6 28. Nxf8 Bxb2 29. Re7 Bg7 30. Ne6 Bf6 31. Rf7 Be5 32. Ng5 Bg7 33. Bxf5 Ba6
34. Bd3 Bc8 35. Rxa7 Bf5 36. Bxf5 gxf5 37. Nf7+ Kg6 38. Nxd6 Bf6 39. g3 h5 40.
Nb5 Be5 41. Ra6 Kf7 42. Rxb6 1-0

[Event "XV Open"]
[Site "Crema ITA"]
[Date "2013.08.31"]
[Round "4"]
[White "Guzzetti, Luigi Enrico"]
[Black "Botta, Massimiliano"]
[WhiteElo "1873"]
[BlackElo "1632"]
[Result "1-0"]
[PlyCount "79"]
[EventDate "2013.08.30"]

1. e4 c5 2. Nf3 d6 3. d4 cxd4 4. Nxd4 Nf6 5. Nc3 g6 6. Be2 Bg7 7. O-O O-O 8.
Be3 Nc6 9. Qd2 Bd7 10. Rfd1 Rc8 11. f3 Ne5 12. a4 Nc4 13. Bxc4 Rxc4 14. b3 Rc8
15. Nd5 Nxd5 16. exd5 Qc7 17. c4 a6 18. Rac1 Rfe8 19. a5 Rb8 20. Ne2 Rbc8 21.
Bb6 Qb8 22. Nd4 Bf6 23. Re1 Bg7 24. Rcd1 Bf6 25. Kf2 Bg7 26. h4 Bf6 27. g3 Bg7
28. h5 Bf6 29. hxg6 hxg6 30. Rh1 Bg7 31. Ne2 f6 32. Nf4 Kf7 33. Qe3 e5 34.
dxe6+ Bxe6 35. Qd3 g5 36. Qg6+ Kf8 37. Rh7 Rc7 38. Bxc7 Qxc7 39. Nh5 Qc5+ 40.
Kg2 1-0

[Event "XV Open"]
[Site "Crema ITA"]
[Date "2013.08.31"]
[Round "4"]
[White "Menato, Nazario"]
[Black "Oteri, Aldo"]
[WhiteElo "1542"]
[BlackElo "1772"]
[Result "0-1"]
[PlyCount "48"]
[EventDate "2013.08.30"]

1. Nf3 Nf6 2. c4 c5 3. g3 g6 4. Bg2 Bg7 5. Nc3 Nc6 6. d3 O-O 7. O-O e6 8. b3 d5
9. Bb2 Qe7 10. cxd5 exd5 11. e3 Rd8 12. Re1 Bg4 13. Rc1 Qd7 14. Ne2 b6 15. a3
Rac8 16. Rc2 Na5 17. Rd2 Qb5 18. Nc1 Ne4 19. a4 Qb4 20. dxe4 Bxb2 21. Rxb2 dxe4
22. Qc2 exf3 23. Rd1 fxg2 24. Kxg2 Rxd1 0-1

[Event "XV Open"]
[Site "Crema ITA"]
[Date "2013.08.31"]
[Round "4"]
[White "Motola, Jacopo"]
[Black "Salvador, Roland"]
[WhiteElo "2039"]
[BlackElo "2461"]
[Result "0-1"]
[PlyCount "94"]
[EventDate "2013.08.30"]

1. e4 c6 2. d4 g6 3. c3 Bg7 4. Nf3 d5 5. Nbd2 Nf6 6. e5 Nh5 7. h3 f6 8. g3 fxe5
9. Nxe5 Nd7 10. Ndf3 Nxe5 11. Nxe5 Bxe5 12. dxe5 Qc7 13. Qd4 Ng7 14. Bd3 Bf5
15. f4 Ne6 16. Qe3 d4 17. cxd4 O-O-O 18. Bxf5 gxf5 19. Bd2 Rxd4 20. O-O-O Rhd8
21. Bc3 c5 22. Qe2 Re4 23. Qh5 Nd4 24. Bxd4 cxd4+ 25. Kb1 Qd7 26. Rd3 e6 27.
Rf1 Kb8 28. Qd1 Qc6 29. g4 Rd7 30. gxf5 exf5 31. a3 a6 32. h4 Qh6 33. Qa4 Rd8
34. Qa5 Qxh4 35. Rh3 Qxh3 36. Qxd8+ Ka7 37. Rc1 Qb3 38. Qd6 Qb6 39. Qd7 Rxf4
40. Re1 Rf2 41. b4 Rf3 42. Qd6 Re3 43. Rxe3 dxe3 44. Qd3 f4 45. Qe4 Qg6 46.
Qxg6 hxg6 47. Kc2 Kb6 0-1

[Event "XV Open"]
[Site "Crema ITA"]
[Date "2013.08.31"]
[Round "4"]
[White "Mussap, Angelo"]
[Black "Tirelli, Mauro"]
[WhiteElo "2053"]
[BlackElo "2038"]
[Result "1-0"]
[PlyCount "158"]
[EventDate "2013.08.30"]

1. Nf3 Nf6 2. d4 e6 3. g3 b6 4. Bg2 Bb7 5. O-O Be7 6. c4 O-O 7. Nc3 Ne4 8. Qc2
Nxc3 9. Qxc3 d6 10. Re1 Nd7 11. e4 c5 12. d5 Bf6 13. Qc2 exd5 14. cxd5 b5 15.
h4 Re8 16. Bg5 a5 17. Rad1 h6 18. Bf4 Qe7 19. Bh3 Ne5 20. Bxe5 Bxe5 21. Nxe5
Qxe5 22. Bd7 Reb8 23. Bxb5 Bc8 24. f4 Qf6 25. e5 dxe5 26. Rxe5 Bg4 27. Be2 Bd7
28. Bf3 Qd6 29. Rde1 Rb4 30. Re7 Rab8 31. b3 g6 32. Qc3 a4 33. bxa4 Rxa4 34. h5
g5 35. Qe5 Qxe5 36. fxe5 Rd8 37. e6 fxe6 38. dxe6 Be8 39. Rxe8+ Rxe8 40. Bc6
Raa8 41. e7 Rac8 42. Bxe8 Rxe8 43. a4 c4 44. a5 c3 45. a6 c2 46. a7 Kf7 47. Rc1
Ra8 48. Rxc2 Rxa7 49. Rc6 Ra1+ 50. Kf2 Ra2+ 51. Kf3 Ra3+ 52. Kg2 Kxe7 53. Rxh6
Kf7 54. Rg6 Ra5 55. Kh3 Rb5 56. Kg4 Rb3 57. Rxg5 Rb4+ 58. Kh3 Kf6 59. Rg6+ Kf7
60. g4 Rb1 61. Ra6 Kg7 62. Kh4 Kh7 63. Ra7+ Kg8 64. h6 Kh8 65. Kh5 Rb5+ 66. g5
Kg8 67. Rd7 Rc5 68. Re7 Ra5 69. Kg6 Ra6+ 70. Kf5 Ra5+ 71. Re5 Ra1 72. Re6 Kh8
73. g6 Rf1+ 74. Kg5 Rg1+ 75. Kf6 Rf1+ 76. Kg5 Rg1+ 77. Kf4 Rf1+ 78. Kg3 Rf8 79.
g7+ Kh7 1-0

[Event "XV Open"]
[Site "Crema ITA"]
[Date "2013.08.31"]
[Round "4"]
[White "Palma, Maria"]
[Black "Ciochetta, Giovanni"]
[WhiteElo "1646"]
[BlackElo "1549"]
[Result "1/2-1/2"]
[PlyCount "103"]
[EventDate "2013.08.30"]

1. e4 e5 2. Nf3 Nf6 3. Nxe5 d6 4. Nf3 Nxe4 5. c4 Nc6 6. Nc3 Nxc3 7. dxc3 Be7 8.
Bd3 Bg4 9. Be4 O-O 10. Qc2 g6 11. Nd4 Nxd4 12. cxd4 c6 13. O-O Bf6 14. Be3 Rc8
15. d5 c5 16. h3 Bd7 17. Bf4 Qb6 18. Qb3 Qxb3 19. axb3 Rfe8 20. Bf3 a6 21. Bxd6
Bxb2 22. Rae1 Bd4 23. Rd1 b5 24. Rfe1 Bf5 25. Bg4 Bxg4 26. hxg4 bxc4 27. bxc4
Rxe1+ 28. Rxe1 a5 29. Re7 Ra8 30. Re2 a4 31. Ra2 a3 32. Bc7 Kf8 33. Kf1 Ke8 34.
Ke2 Kd7 35. Bg3 Bb2 36. Kd3 Re8 37. f3 f6 38. Bf2 Rc8 39. Be3 f5 40. g5 Rb8 41.
Bxc5 Rb3+ 42. Kd2 Rc3 43. Bb4 Rxc4 44. Bxa3 Bxa3 45. Rxa3 Rh4 46. Ke3 Kd6 47.
Rd3 Rh5 48. f4 Rh1 49. Kf2 Ra1 50. Rh3 Ra2+ 51. Kg1 Ra7 52. Rd3 1/2-1/2

[Event "XV Open"]
[Site "Crema ITA"]
[Date "2013.08.31"]
[Round "4"]
[White "Poletti, Guido"]
[Black "Folcini, Gaddo"]
[WhiteElo "1311"]
[BlackElo "1558"]
[Result "1-0"]
[PlyCount "52"]
[EventDate "2013.08.30"]

1. Nf3 e5 2. d3 Nc6 3. g3 Bc5 4. Bg2 d6 5. Nc3 a6 6. a3 Bg4 7. O-O Qd7 8. b4
Ba7 9. b5 Nd4 10. bxa6 c6 11. axb7 Qxb7 12. Ne4 Kd7 13. Be3 h5 14. c3 Nxf3+ 15.
exf3 Bxe3 16. fxe3 Bf5 17. d4 Kc7 18. dxe5 d5 19. Ng5 Nh6 20. Kh1 f6 21. exf6
gxf6 22. Nh3 Qc8 23. Qd4 Bxh3 24. Qf4+ Kb7 25. Rfb1+ Ka7 26. Bxh3 Qa6 1-0

[Event "XV Open"]
[Site "Crema ITA"]
[Date "2013.08.31"]
[Round "4"]
[White "Poletto, Daniele"]
[Black "Impellizzeri, Francesco"]
[WhiteElo "1744"]
[BlackElo "1872"]
[Result "1/2-1/2"]
[PlyCount "60"]
[EventDate "2013.08.30"]

1. c4 Nf6 2. Nc3 d5 3. cxd5 Nxd5 4. g3 e5 5. Bg2 Nb6 6. Nf3 Nc6 7. O-O Be7 8.
d3 Be6 9. b3 O-O 10. Bb2 f6 11. Rc1 a5 12. Nd2 Nd5 13. Nxd5 Bxd5 14. Qc2 Bxg2
15. Kxg2 Qd5+ 16. Kg1 Kh8 17. Qc4 Rfd8 18. Ne4 Rac8 19. Nc5 Bxc5 20. Qxc5 h6
21. Qxd5 Rxd5 22. Rc4 Nd4 23. Bxd4 exd4 24. Rfc1 c5 25. b4 axb4 26. Rxb4 Rc7
27. Rb5 Re5 28. Rc2 Kg8 29. Kf1 Kf7 30. Rcb2 Ree7 1/2-1/2

[Event "XV Open"]
[Site "Crema ITA"]
[Date "2013.08.31"]
[Round "4"]
[White "Raimondi, Celso"]
[Black "Colombo, Luca"]
[WhiteElo "1670"]
[BlackElo "1879"]
[Result "0-1"]
[PlyCount "122"]
[EventDate "2013.08.30"]

1. d4 Nf6 2. c4 e5 3. d5 Bc5 4. e3 e4 5. Be2 O-O 6. Nh3 d6 7. Nf4 Nbd7 8. a3 a5
9. Bd2 Ne5 10. h3 g5 11. Nh5 Nxh5 12. Bxh5 Nd3+ 13. Kf1 Qf6 14. Qe2 Qxb2 15.
Bc3 Qc1+ 16. Qd1 Qxd1+ 17. Bxd1 f5 18. Be2 Ne5 19. Nd2 a4 20. g3 b6 21. Kg2 Ba6
22. Rhb1 Kf7 23. Bb4 Ke7 24. Rc1 Bc8 25. Bxc5 dxc5 26. f4 gxf4 27. exf4 Nf7 28.
Kf2 Nd6 29. Ke3 Rg8 30. Rg1 Bd7 31. g4 Rae8 32. g5 Rb8 33. Rab1 Rg7 34. h4 Rbg8
35. h5 Rb8 36. h6 Rgg8 37. Bh5 Be8 38. Bxe8 Rbxe8 39. Rg2 Rg6 40. Rgg1 Reg8 41.
Rh1 Rb8 42. Rhc1 Kd7 43. Nf1 Nf7 44. Kf2 Rf8 45. Ng3 e3+ 46. Kxe3 Nxh6 47. Kf3
Nf7 48. Re1 Nd6 49. Rbc1 h6 50. gxh6 Rxh6 51. Rh1 Rxh1 52. Nxh1 Rh8 53. Nf2 c6
54. dxc6+ Kxc6 55. Kg3 Re8 56. Kf3 Ne4 57. Kg2 Rg8+ 58. Kf1 Ng3+ 59. Ke1 Re8+
60. Kd1 Ne2 61. Rc2 Nxf4 0-1

[Event "XV Open"]
[Site "Crema ITA"]
[Date "2013.08.31"]
[Round "4"]
[White "Ranfagni, Stefano"]
[Black "Ventura, Franco"]
[WhiteElo "2038"]
[BlackElo "2091"]
[Result "1/2-1/2"]
[PlyCount "165"]
[EventDate "2013.08.30"]

1. e4 c5 2. Nc3 g6 3. f4 Bg7 4. Nf3 Nc6 5. Bc4 d6 6. O-O e6 7. a4 Nge7 8. d3
O-O 9. Qe1 d5 10. Ba2 Nd4 11. Nxd4 cxd4 12. Ne2 Bd7 13. Bb3 dxe4 14. dxe4 d3
15. Nc3 dxc2 16. Bxc2 Nc6 17. Be3 Qa5 18. e5 Qb4 19. Qf2 b6 20. Ne4 Qe7 21.
Rfd1 Nb4 22. Bb3 Bc6 23. Nd6 Bd5 24. Bxd5 Nxd5 25. Bd4 f6 26. Qh4 g5 27. exf6
gxh4 28. fxe7 Nxe7 29. Bxg7 Kxg7 30. Nb5 Nd5 31. g3 Rac8 32. Rd2 a6 33. Nd4 Kf6
34. Re1 Rfe8 35. Rde2 hxg3 36. hxg3 Rc4 37. Nxe6 Rxa4 38. Ng5 Rxe2 39. Rxe2 h6
40. Ne4+ Kg7 41. Nd6 Rb4 42. Kg2 a5 43. Kf3 a4 44. Nf5+ Kg6 45. Nh4+ Kf6 46.
Ng2 Rb3+ 47. Kf2 b5 48. Rd2 Ne7 49. Ne3 b4 50. g4 a3 51. bxa3 bxa3 52. g5+ hxg5
53. fxg5+ Kxg5 54. Nc4 Rc3 55. Nxa3 Rxa3 56. Rd7 Nf5 57. Ke2 Kf4 58. Kd2 Ke4
59. Rd8 Rh3 60. Re8+ Kd5 61. Ra8 Nd6 62. Ke2 Nc4 63. Rd8+ Ke4 64. Re8+ Ne5 65.
Kd2 Rd3+ 66. Kc2 Rd6 67. Rh8 Rc6+ 68. Kb3 Nf3 69. Rd8 Nd4+ 70. Kb4 Kd3 71. Rh8
Rc4+ 72. Ka5 Rc5+ 73. Kb6 Rc6+ 74. Kb7 Rg6 75. Kc7 Kc4 76. Kd7 Nf3 77. Rh5 Kd4
78. Rb5 Ne5+ 79. Ke7 Ra6 80. Rb1 Ra7+ 81. Ke6 Nd3 82. Rh1 Nc5+ 83. Kf6 1/2-1/2

[Event "XV Open"]
[Site "Crema ITA"]
[Date "2013.08.31"]
[Round "4"]
[White "Reale, Simone"]
[Black "Pisani, Valerio"]
[WhiteElo "1941"]
[BlackElo "1706"]
[Result "1-0"]
[PlyCount "65"]
[EventDate "2013.08.30"]

1. d4 Nf6 2. c4 g6 3. Nc3 Bg7 4. e4 d6 5. Nf3 O-O 6. Be2 Nc6 7. O-O e5 8. d5
Ne7 9. b4 b6 10. Ne1 h6 11. Be3 g5 12. f3 Ng6 13. c5 Nh5 14. a4 a6 15. Qc2 Nhf4
16. Nd3 h5 17. cxb6 cxb6 18. a5 b5 19. Bb6 Qe7 20. Nxf4 gxf4 21. Nxb5 axb5 22.
Bxb5 Ba6 23. Bxa6 Rxa6 24. b5 Raa8 25. Bc7 Rfc8 26. b6 Rab8 27. Rfc1 Nf8 28.
Qc6 Rxc7 29. Qxc7 Qxc7 30. bxc7 Rc8 31. a6 Nd7 32. a7 Nb6 33. Rab1 1-0

[Event "XV Open"]
[Site "Crema ITA"]
[Date "2013.08.31"]
[Round "4"]
[White "Righini, Giovanni"]
[Black "Silini, Bruno"]
[WhiteElo "1868"]
[BlackElo "1604"]
[Result "1-0"]
[PlyCount "75"]
[EventDate "2013.08.30"]

1. e4 g5 2. d4 h6 3. f4 Bg7 4. fxg5 hxg5 5. Bxg5 c5 6. Nf3 cxd4 7. Nxd4 Qa5+ 8.
Bd2 Qe5 9. Bc3 Qxe4+ 10. Qe2 Nf6 11. Nb5 Qc6 12. Qc4 Na6 13. Nd2 d5 14. Qxc6+
bxc6 15. Nd4 c5 16. Bb5+ Kf8 17. N4f3 Nb4 18. O-O Nxc2 19. Rac1 Bf5 20. Ne1 Ne3
21. Rf3 d4 22. Ba5 Be4 23. Nxe4 Nxe4 24. Bc6 Rb8 25. Bxe4 Rxb2 26. Rxc5 e6 27.
Rc8+ Ke7 28. Rxh8 Bxh8 29. Rf2 Rb5 30. Bd2 Re5 31. Bb4+ Kd7 32. Rxf7+ Ke8 33.
Bg6 Rf5 34. Rxf5+ Kd7 35. Rf7+ Kc6 36. Rxa7 Kd5 37. Bd3 Be5 38. Ra5+ 1-0

[Event "XV Open"]
[Site "Crema ITA"]
[Date "2013.08.31"]
[Round "4"]
[White "Rosini, Luca Ungaro"]
[Black "Losi, Paolo"]
[WhiteElo "1527"]
[BlackElo "1728"]
[Result "1/2-1/2"]
[PlyCount "72"]
[EventDate "2013.08.30"]

1. d4 d5 2. c4 c6 3. Nc3 Bf5 4. Nf3 e6 5. Bg5 Nf6 6. e3 Nbd7 7. cxd5 exd5 8.
Bd3 Bxd3 9. Qxd3 Be7 10. O-O Nh5 11. Bxe7 Qxe7 12. Rfe1 O-O 13. e4 Qd6 14. exd5
Nf4 15. Qd2 Nxd5 16. Nxd5 cxd5 17. Rac1 Rac8 18. Rxc8 Rxc8 19. Rc1 Rc6 20. Rc2
Qc7 21. Rxc6 Qxc6 22. Qc3 f6 23. Qxc6 bxc6 24. Kf1 Kf7 25. Ke2 c5 26. Kd3 Ke7
27. Nd2 Kd6 28. a3 a5 29. b3 Kc6 30. a4 cxd4 31. Kxd4 Nc5 32. f4 Kd6 33. g4 g6
34. h4 h5 35. gxh5 gxh5 36. f5 Kc6 1/2-1/2

[Event "XV Open"]
[Site "Crema ITA"]
[Date "2013.08.31"]
[Round "4"]
[White "Sanchez, Joseph"]
[Black "Dragojlovic, Andjelko"]
[WhiteElo "2541"]
[BlackElo "2349"]
[Result "1-0"]
[PlyCount "47"]
[EventDate "2013.08.30"]

1. e4 c5 2. Nf3 g6 3. c3 Bg7 4. d4 cxd4 5. cxd4 d5 6. e5 Nc6 7. Bb5 f6 8. O-O
Bd7 9. Re1 fxe5 10. Bxc6 Bxc6 11. Nxe5 Nf6 12. Nc3 O-O 13. Na4 Ne4 14. Be3 e6
15. Rc1 Kh8 16. b3 Rc8 17. f3 Ng5 18. Qc2 Nf7 19. Nd3 Re8 20. f4 Bf8 21. Nc3
Bd6 22. Ne5 Ba3 23. Rb1 Bb4 24. Red1 1-0

[Event "XV Open"]
[Site "Crema ITA"]
[Date "2013.08.31"]
[Round "4"]
[White "Sartorio, Diego"]
[Black "Colonetti, Fabio"]
[WhiteElo "1896"]
[BlackElo "1434"]
[Result "1/2-1/2"]
[PlyCount "38"]
[EventDate "2013.08.30"]

1. e4 c5 2. c3 Nf6 3. Bd3 d6 4. Bc2 e6 5. Nf3 Nc6 6. O-O Be7 7. a3 O-O 8. d4
cxd4 9. cxd4 d5 10. e5 Ne8 11. Nc3 f6 12. exf6 Bxf6 13. Qd3 g6 14. Be3 Ng7 15.
Rab1 Nf5 16. Bb3 Nxe3 17. fxe3 Na5 18. Ba2 Nc6 19. Rfd1 a6 1/2-1/2

[Event "XV Open"]
[Site "Crema ITA"]
[Date "2013.08.31"]
[Round "4"]
[White "Sperli', Maurizio"]
[Black "Marzatico, Luca"]
[WhiteElo "1511"]
[BlackElo "1713"]
[Result "1-0"]
[PlyCount "45"]
[EventDate "2013.08.30"]

1. e4 e5 2. f4 exf4 3. Bc4 Qh4+ 4. Kf1 Nc6 5. Nf3 Qh5 6. d4 d6 7. Bxf4 Bg4 8.
Be2 Nf6 9. h3 Bxf3 10. Bxf3 Qb5+ 11. Kg1 Qxb2 12. Nd2 Qxd4+ 13. Kh2 Ne5 14.
Bxe5 dxe5 15. Qe2 O-O-O 16. Rhd1 Qa4 17. Rab1 Bb4 18. Qc4 a5 19. c3 b5 20. Qc6
Bd6 21. Rxb5 Qxa2 22. Nc4 Bc5 23. Qa8# 1-0

[Event "XV Open"]
[Site "Crema ITA"]
[Date "2013.08.31"]
[Round "4"]
[White "Tedoldi, Guido"]
[Black "Fiammetti, Gianluca"]
[WhiteElo "1597"]
[BlackElo "1467"]
[Result "0-1"]
[PlyCount "112"]
[EventDate "2013.08.30"]

1. c4 c5 2. Nc3 g6 3. Nf3 Bg7 4. e4 d6 5. Be2 e6 6. O-O b6 7. d4 Qe7 8. Bf4 Nf6
9. e5 dxe5 10. Nxe5 Bb7 11. Bf3 cxd4 12. Bxb7 Qxb7 13. Qxd4 O-O 14. Rad1 Nc6
15. Qe3 Nxe5 16. Bxe5 Ng4 17. Qe2 Nxe5 18. f4 Nc6 19. Ne4 Rad8 20. b3 Rxd1 21.
Rxd1 Rd8 22. Rxd8+ Nxd8 23. Qd3 Qc7 24. g3 Nc6 25. a3 Qd8 26. Qb1 Qd4+ 27. Nf2
Qa1 28. Qxa1 Bxa1 29. Nd3 Nd4 30. b4 Kf8 31. Kg2 Ke7 32. Kf2 Kd6 33. h3 Bc3 34.
g4 Nc2 35. c5+ bxc5 36. bxc5+ Kd5 37. Ke2 Nxa3 38. Kf3 Bd4 39. c6 Kxc6 40. Ke4
Bc3 41. g5 a5 42. Nc1 f5+ 43. gxf6 Bxf6 44. Nb3 Nc4 45. Kd3 Kb5 46. Nc1 e5 47.
fxe5 Nxe5+ 48. Ke4 Nf7 49. Kf3 Ng5+ 50. Kg2 a4 51. Kg3 a3 52. Kg2 Ka4 53. Kg3
Bb2 54. Nd3 Kb3 55. h4 Ne4+ 56. Kf4 Nf6 0-1

[Event "XV Open"]
[Site "Crema ITA"]
[Date "2013.08.31"]
[Round "4"]
[White "Vecchio, Paolo L."]
[Black "Biava, Pierluigi"]
[WhiteElo "1435"]
[BlackElo "1681"]
[Result "0-1"]
[PlyCount "80"]
[EventDate "2013.08.30"]

1. d4 Nf6 2. c4 e6 3. Nc3 Bb4 4. Qc2 b6 5. a3 Bxc3+ 6. Qxc3 Ne4 7. Qc2 f5 8.
Nf3 h6 9. Bf4 d6 10. h4 Bb7 11. h5 Qf6 12. O-O-O Nxf2 13. Rh2 Nxd1 14. Qxd1 Nd7
15. Nh4 O-O-O 16. Ng6 Rhe8 17. e3 e5 18. Bg3 Qg5 19. Bh4 Qxe3+ 20. Kb1 Be4+ 21.
Ka1 Nf6 22. Rh3 Qxd4 23. Qxd4 exd4 24. c5 dxc5 25. Ba6+ Bb7 26. Bd3 Be4 27.
Ba6+ Kb8 28. Bg3 Bxg2 29. Rh2 Bb7 30. Bb5 Re3 31. Bf4 Re1+ 32. Ka2 Bd5+ 33. b3
Ne4 34. Rc2 Nc3+ 35. Rxc3 dxc3 36. Bd3 Be4 37. Bxe4 Rxe4 38. Bc1 Re1 39. Kb1
Rdd1 40. Nf4 Rxc1+ 0-1

[Event "XV Open"]
[Site "Crema ITA"]
[Date "2013.08.31"]
[Round "4"]
[White "Volpati, Antonio"]
[Black "Maffeis, Fabio"]
[WhiteElo "1609"]
[BlackElo "1446"]
[Result "1-0"]
[PlyCount "99"]
[EventDate "2013.08.30"]

1. e4 d5 2. exd5 Qxd5 3. Nf3 Nf6 4. Nc3 Qa5 5. Bc4 Bf5 6. O-O e6 7. a3 c6 8. b4
Qc7 9. d3 Bd6 10. Bb2 Nbd7 11. Ne2 O-O 12. Ng3 Bg6 13. Nh4 Ne5 14. Bb3 Rad8 15.
Nxg6 Nxg6 16. h3 Nd5 17. Qg4 Be5 18. Bxe5 Nxe5 19. Qg5 h6 20. Qd2 c5 21. bxc5
Qxc5 22. Ne4 Qc6 23. f4 Ng6 24. f5 exf5 25. Rxf5 Nde7 26. Rf2 Kh8 27. Bxf7 Ne5
28. Raf1 Qb6 29. Kh1 Nxf7 30. Rxf7 Rxf7 31. Rxf7 Qe6 32. Qf2 Kg8 33. Rf3 Qe5
34. Qxa7 Qa1+ 35. Kh2 Qe5+ 36. Rg3 Nf5 37. Qb6 Rd6 38. Nxd6 Qxg3+ 39. Kh1 Qxd6
40. Qxb7 Qxa3 41. Qd5+ Kh8 42. Qxf5 Qc1+ 43. Kh2 Qxc2 44. Qe4 Qd2 45. d4 Qg5
46. d5 Qd8 47. Qe6 Qc7+ 48. d6 Qb8 49. Qe7 Kg8 50. Qc7 1-0